<?xml version="1.0" encoding="UTF-8"?>
<record
    xmlns:xsi="http://www.w3.org/2001/XMLSchema-instance"
    xsi:schemaLocation="http://www.loc.gov/MARC21/slim http://www.loc.gov/standards/marcxml/schema/MARC21slim.xsd"
    xmlns="http://www.loc.gov/MARC21/slim">

  <leader>00611nam a2200181 a 4500</leader>
  <datafield tag="999" ind1=" " ind2=" ">
    <subfield code="c">3848</subfield>
    <subfield code="d">3848</subfield>
  </datafield>
  <controlfield tag="001">3848</controlfield>
  <controlfield tag="003">CDMR</controlfield>
  <controlfield tag="005">20240110104023.0</controlfield>
  <controlfield tag="008">130130s1993||||||||||||||||||||||||||||d</controlfield>
  <datafield tag="040" ind1=" " ind2=" ">
    <subfield code="a">CDMR</subfield>
    <subfield code="b">cat</subfield>
    <subfield code="c">CPC GIRONA</subfield>
  </datafield>
  <datafield tag="245" ind1=" " ind2="0">
    <subfield code="a">70 anys de r&#xE0;dio</subfield>
  </datafield>
  <datafield tag="260" ind1=" " ind2=" ">
    <subfield code="a">Barcelona : </subfield>
    <subfield code="b">Col&#xB7;legi de Periodistes de Catalunya, </subfield>
    <subfield code="c">1993</subfield>
  </datafield>
  <datafield tag="300" ind1=" " ind2=" ">
    <subfield code="a">182 p.</subfield>
  </datafield>
  <datafield tag="490" ind1="0" ind2=" ">
    <subfield code="a">Annals del Periodisme Catal&#xE0;; </subfield>
    <subfield code="v"> 23 (juliol-desembre 1993)</subfield>
  </datafield>
  <datafield tag="650" ind1=" " ind2="0">
    <subfield code="9">3105</subfield>
    <subfield code="a">Radiodifusi&#xF3;</subfield>
    <subfield code="z">Catalunya</subfield>
    <subfield code="x">Hist&#xF2;ria</subfield>
    <subfield code="y">1924-1993</subfield>
  </datafield>
  <datafield tag="856" ind1=" " ind2=" ">
    <subfield code="u">https://raco.cat/index.php/annalsperiodismecatala/issue/view/20028</subfield>
    <subfield code="y">Acc&#xE9;s en l&#xED;nia</subfield>
  </datafield>
  <datafield tag="942" ind1=" " ind2=" ">
    <subfield code="c">MON</subfield>
    <subfield code="2">udc</subfield>
  </datafield>
  <datafield tag="952" ind1=" " ind2=" ">
    <subfield code="0">0</subfield>
    <subfield code="1">0</subfield>
    <subfield code="4">0</subfield>
    <subfield code="7">0</subfield>
    <subfield code="a">GIRONA</subfield>
    <subfield code="b">GIRONA</subfield>
    <subfield code="d">2010-12-03</subfield>
    <subfield code="l">0</subfield>
    <subfield code="o">Bg 240</subfield>
    <subfield code="p">GIRONA1311613060</subfield>
    <subfield code="r">2013-01-16</subfield>
    <subfield code="w">2013-01-16</subfield>
    <subfield code="y">SER</subfield>
  </datafield>
  <datafield tag="952" ind1=" " ind2=" ">
    <subfield code="0">0</subfield>
    <subfield code="1">0</subfield>
    <subfield code="4">0</subfield>
    <subfield code="7">0</subfield>
    <subfield code="a">CDMR</subfield>
    <subfield code="b">CDMR</subfield>
    <subfield code="d">2024-01-10</subfield>
    <subfield code="e">Donaci&#xF3;</subfield>
    <subfield code="l">0</subfield>
    <subfield code="o">Eu /33</subfield>
    <subfield code="p">CDMR24010007</subfield>
    <subfield code="r">2024-01-10</subfield>
    <subfield code="w">2024-01-10</subfield>
    <subfield code="y">MON</subfield>
  </datafield>
</record>
